000 00469cam a2200145 i 4500
082 0 0 _a323.39710954
_bAZI
100 _aAZIZ K.K
245 0 0 _aMuslims under Congress rule, 1937-1939 :
260 _aIslamabad :
_bNational Commission on Historical and Cultural Research,
_c1978-1979.
300 _a2 v. ;
490 1 _aDocumentary series - National Commission on Historical and Cultural Research ;
650 0 _aMuslims
700 1 _aAziz, Khursheed Kamal.
942 _cBK
999 _c21201
_d21201